200 bài tập nâng cao hóa học THPT 10
v.v...
Đã lưu trong:
| Tác giả chính: | |
|---|---|
| Định dạng: | Sách |
| Năm xuất bản: |
H.
Đại học Quốc gia
2006
|
| Chủ đề: | |
| Tags: |
Thêm thẻ
Không có thẻ, Hãy là người đầu tiên gắn thẻ bản ghi này!
|
| LEADER | 01235nam a2200205 4500 | ||
|---|---|---|---|
| 082 | |a 540.76 |b NG527V | ||
| 100 | |a Nguyễn Văn Thoại | ||
| 245 | |a 200 bài tập nâng cao hóa học THPT 10 |c Nguyễn Văn Thoại, Nguyễ Hữu Thục | ||
| 260 | |a H. |b Đại học Quốc gia |c 2006 | ||
| 300 | |a 142 tr |c 24 cm | ||
| 520 | |a v.v... | ||
| 653 | |a Hóa học | ||
| 653 | |a Lớp 10 | ||
| 653 | |a Giải bài tập | ||
| 942 | |2 ddc |c STK0 | ||
| 999 | |c 7161 |d 7161 | ||
| 952 | |0 0 |1 0 |2 ddc |4 0 |6 540_760000000000000_NG527V |7 0 |8 500 |9 66491 |a qbu |b qbu |c D3 |d 2015-01-28 |g 15000 |o 540.76 NG527V |p 7093.c1 |r 0000-00-00 |w 2015-01-28 |y STK0 |0 0 |6 540_760000000000000_NG527V | ||
| 952 | |0 0 |1 0 |2 ddc |4 0 |6 540_760000000000000_NG527V |7 0 |8 500 |9 66492 |a qbu |b qbu |c D3 |d 2015-01-28 |g 15000 |l 1 |o 540.76 NG527V |p 7093.c2 |r 2017-12-11 |s 2017-12-08 |w 2015-01-28 |y STK0 |0 0 |6 540_760000000000000_NG527V | ||
| 952 | |0 0 |1 0 |2 ddc |4 0 |6 540_760000000000000_NG527V |7 0 |8 500 |9 66493 |a qbu |b qbu |c D3 |d 2015-01-28 |g 15000 |l 1 |m 1 |o 540.76 NG527V |p 7093.c3 |r 2016-10-25 |s 2016-10-07 |w 2015-01-28 |y STK0 |0 0 |6 540_760000000000000_NG527V | ||
| 952 | |0 0 |1 0 |2 ddc |4 0 |6 540_760000000000000_NG527V |7 0 |8 500 |9 66494 |a qbu |b qbu |c D3 |d 2015-01-28 |g 15000 |o 540.76 NG527V |p 7093.c4 |r 0000-00-00 |w 2015-01-28 |y STK0 |0 0 |6 540_760000000000000_NG527V | ||